000 00246nam a2200109Ia 4500
008 200302s9999 xx 000 0 und d
100 _aR.Nath
245 _aMosque Architecture
260 _bHistorical research
260 _c1994
300 _a104p.,
999 _c2497
_d2497